<?xml version="1.0" encoding="UTF-8"?><?xml-stylesheet type="text/xsl" href="static/style.xsl"?><OAI-PMH xmlns="http://www.openarchives.org/OAI/2.0/" xmlns:xsi="http://www.w3.org/2001/XMLSchema-instance" xsi:schemaLocation="http://www.openarchives.org/OAI/2.0/ http://www.openarchives.org/OAI/2.0/OAI-PMH.xsd"><responseDate>2026-04-13T02:50:22Z</responseDate><request verb="GetRecord" identifier="oai:www.recercat.cat:2117/401796" metadataPrefix="marc">https://recercat.cat/oai/request</request><GetRecord><record><header><identifier>oai:recercat.cat:2117/401796</identifier><datestamp>2025-07-23T02:17:21Z</datestamp><setSpec>com_2072_1033</setSpec><setSpec>col_2072_452951</setSpec></header><metadata><record xmlns="http://www.loc.gov/MARC21/slim" xmlns:dcterms="http://purl.org/dc/terms/" xmlns:xsi="http://www.w3.org/2001/XMLSchema-instance" xmlns:doc="http://www.lyncode.com/xoai" xsi:schemaLocation="http://www.loc.gov/MARC21/slim http://www.loc.gov/standards/marcxml/schema/MARC21slim.xsd">
   <leader>00925njm 22002777a 4500</leader>
   <datafield ind2=" " ind1=" " tag="042">
      <subfield code="a">dc</subfield>
   </datafield>
   <datafield ind2=" " ind1=" " tag="720">
      <subfield code="a">Rutllant Falgueras, David</subfield>
      <subfield code="e">author</subfield>
   </datafield>
   <datafield ind2=" " ind1=" " tag="260">
      <subfield code="c">2023-11</subfield>
   </datafield>
   <datafield ind2=" " ind1=" " tag="520">
      <subfield code="a">Aquest projecte aborda tres objectius clau centrats en l`arboradura i l`eixàrcia ferma d`un veler prototip fm877. En primer lloc, es realitza un estudi dels components que conformen aquestes dues parts essencials de l`embarcació, descrivint les seves característiques i els diferents materials. seguidament, es procedeix a la fase de disseny, càlcul i selecció de l`arboradura i l`eixàrcia del veler fm 877. Això implica la definició precisa de les especificacions del veler, així com la creació d`un disseny d’arboradura i l`eixàrcia ferma. Es realitza una anàlisi de les càrregues que han de suportar, seleccionant el perfil de pal més adequat i dimensionant l’eixàrcia. per concloure, es duu a terme la producció de l`arboradura i l`eixàrcia mitjançant la mecanització del pal i la construcció de l`eixàrcia, explicant el procés pas per pas. a través d`aquests tres objectius, el projecte busca proporcionar una solució completa per a l`arboradura i l`eixàrcia del fm 877, des de l`estudi inicial fins a la producció efectiva, garantint la fiabilitat i eficiència de les parts essencials d`aquesta embarcació</subfield>
   </datafield>
   <datafield tag="653" ind2=" " ind1=" ">
      <subfield code="a">Àrees temàtiques de la UPC::Nàutica::Arquitectura naval</subfield>
   </datafield>
   <datafield tag="653" ind2=" " ind1=" ">
      <subfield code="a">Sailing ships</subfield>
   </datafield>
   <datafield tag="653" ind2=" " ind1=" ">
      <subfield code="a">Boatbuilding</subfield>
   </datafield>
   <datafield tag="653" ind2=" " ind1=" ">
      <subfield code="a">Sails</subfield>
   </datafield>
   <datafield tag="653" ind2=" " ind1=" ">
      <subfield code="a">Arboradura</subfield>
   </datafield>
   <datafield tag="653" ind2=" " ind1=" ">
      <subfield code="a">Eixàrcia</subfield>
   </datafield>
   <datafield tag="653" ind2=" " ind1=" ">
      <subfield code="a">Veler</subfield>
   </datafield>
   <datafield tag="653" ind2=" " ind1=" ">
      <subfield code="a">Scowboat</subfield>
   </datafield>
   <datafield tag="653" ind2=" " ind1=" ">
      <subfield code="a">Rod</subfield>
   </datafield>
   <datafield tag="653" ind2=" " ind1=" ">
      <subfield code="a">Velers--Disseny i contrucció</subfield>
   </datafield>
   <datafield tag="653" ind2=" " ind1=" ">
      <subfield code="a">Veles (Navegació)</subfield>
   </datafield>
   <datafield ind2="0" ind1="0" tag="245">
      <subfield code="a">Disseny, càlcul i producció de l'arboradura i l'eixàrcia ferma d'un veler prototip FM 877</subfield>
   </datafield>
</record></metadata></record></GetRecord></OAI-PMH>